Food security and soil quality : Chapter 7 (Record no. 1394)

MARC details
000 -LEADER
fixed length control field 01749naa a22004337u 4500
001 - CONTROL NUMBER
control field 04069
003 - CONTROL NUMBER IDENTIFIER
control field HDC
007 - PHYSICAL DESCRIPTION FIXED FIELD--GENERAL INFORMATION
fixed length control field cr bn ---aaaaa
008 - FIXED-LENGTH DATA ELEMENTS--GENERAL INFORMATION
fixed length control field 210114t2010 flu 000 0 eng
020 ## - INTERNATIONAL STANDARD BOOK NUMBER
International Standard Book Number 9781439800577 (acidfree paper)
040 ## - CATALOGING SOURCE
Original cataloging agency HDC
100 ## - MAIN ENTRY--PERSONAL NAME
Personal name Verhulst, N.
Relator term author
9 (RLIN) 4099
245 #0 - TITLE STATEMENT
Title Food security and soil quality : Chapter 7
Remainder of title Conservation Agriculture,Improving Soil Qualityfor SustainableProduction Systems? /
Statement of responsibility, etc. by N. Verhulst, B. Govaerts, E. Verachtert, A. Castellanos-Navarrete, M. Mezzalama, P. C. Wall, A. Chocobar, J. Deckers, and K. D. Sayre ; edited by Rattan Lal and B.A. Stewart.
260 ## - PUBLICATION, DISTRIBUTION, ETC.
Place of publication, distribution, etc. Boca Raton, FL :
Name of publisher, distributor, etc. CRC Press,
Date of publication, distribution, etc. 2010
300 ## - PHYSICAL DESCRIPTION
Extent xiii, 72 pages :
Other physical details illustrations
336 ## - CONTENT TYPE
Content type term text
Source rdacontent
337 ## - MEDIA TYPE
Media type term computer
Source rdamedia
338 ## - CARRIER TYPE
Carrier type term online resource
Source rdacarrier
490 ## - SERIES STATEMENT
Series statement Advances in soil sciences
500 ## - GENERAL NOTE
General note Original from book
504 ## - BIBLIOGRAPHY, ETC. NOTE
Bibliography, etc. note Includes bibliographical references and index.
650 ## - SUBJECT ADDED ENTRY--TOPICAL TERM
Topical term or geographic name entry element Food production
9 (RLIN) 3722
650 ## - SUBJECT ADDED ENTRY--TOPICAL TERM
Topical term or geographic name entry element Food security.
9 (RLIN) 4086
650 ## - SUBJECT ADDED ENTRY--TOPICAL TERM
Topical term or geographic name entry element Soils
General subdivision Quality.
9 (RLIN) 4087
700 ## - ADDED ENTRY--PERSONAL NAME
Personal name Chocobar, A.
Relator term author
9 (RLIN) 4105
700 ## - ADDED ENTRY--PERSONAL NAME
Personal name Deckers, J
Relator term author
9 (RLIN) 4106
700 ## - ADDED ENTRY--PERSONAL NAME
Personal name Govaerts, B.
Relator term author
9 (RLIN) 4100
700 ## - ADDED ENTRY--PERSONAL NAME
Personal name Lal, R.
9 (RLIN) 3407
Relator term editor
700 ## - ADDED ENTRY--PERSONAL NAME
Personal name Mezzalama, M
Relator term author
9 (RLIN) 4103
700 ## - ADDED ENTRY--PERSONAL NAME
Personal name Navarrete, A. Castellanos
Relator term author
9 (RLIN) 4102
700 ## - ADDED ENTRY--PERSONAL NAME
Personal name Sayre, K.D.
Relator term author
9 (RLIN) 4107
700 ## - ADDED ENTRY--PERSONAL NAME
Personal name Stewart, B. A.
Relator term author
9 (RLIN) 2832
700 ## - ADDED ENTRY--PERSONAL NAME
Personal name Verachtert, E.
Relator term author
9 (RLIN) 4101
700 ## - ADDED ENTRY--PERSONAL NAME
Personal name Wall, P.C.
Relator term author
9 (RLIN) 4104
856 ## - ELECTRONIC LOCATION AND ACCESS
Public note Request full-text at [email protected]
942 ## - ADDED ENTRY ELEMENTS (KOHA)
Source of classification or shelving scheme Library of Congress Classification
942 ## - ADDED ENTRY ELEMENTS (KOHA)
Koha item type Chapter in Books
942 ## - ADDED ENTRY ELEMENTS (KOHA)
Call number prefix EBCH 003332
Holdings
Withdrawn status Lost status Source of classification or shelving scheme Damaged status Not for loan Home library Current library Shelving location Date acquired Total checkouts Full call number Date last seen Price effective from Koha item type
    Library of Congress Classification     Halal Development Corporation Library Halal Development Corporation Library Open Shelves 24/05/2023   EBCH 003332 24/05/2023 24/05/2023 Chapter in Books
Halal Development Corporation Berhad (HDC)
5.02 Level 5, KPMG Tower, First Avenue, Persiaran Bandar Utama, 47800 Petaling Jaya, Selangor Darul Ehsan
Phone: +603 7965 5489 Email: [email protected]